Score 0/20 Timer 04:00
0 Plays Today
Song Missing Word % Correct
Does Anybody Really Know What Time It ____?Is
98.3%
Looks Like We Made ____It
96.4%
Bungle in the ____Jungle
93.8%
Give Ireland Back to the ____Irish
89.4%
Me and Mrs. ____Jones
85.3%
Forever in Blue ____Jeans
84.8%
A Week in a County ____Jail
71.5%
Disco ____Inferno
70.9%
I Was Only ____Joking
68.5%
Junk Food ____Junkie
65.1%
Song Missing Word % Correct
Willie and the Hand ____Jive
62.8%
Made in ____Japan
62.6%
Jingle ____Jangle
59.2%
Sweet and ____Innocent
55.8%
(You’re My) Soul and ____Inspiration
54.1%
Daisy ____Jane
45.1%
Thunder ____Island
43%
Floy ____Joy
42.9%
Get Up, Get into It, Get ____Involved
9.1%
Mr. ____Jaws
8.4%

Today's Daily Dose

Missing Word
I Hardly Know Her!

Word Ladder
Sentence Ending

Quick Pick
Female Firsts

Get the Picture
Triathlon Sports

Remove Ads.
Support Sporcle.
Get the best of Sporcle when you Go Orange. This ad-free experience offers more features, more stats, and more fun while also helping to support Sporcle. Thank you for becoming a member.

You're not logged in!

Compare scores with friends on all Sporcle quizzes.
OR
Log In

Show Comments

Extras

Top Quizzes Today


Score Distribution

Your Account Isn't Verified!

In order to create a playlist on Sporcle, you need to verify the email address you used during registration. Go to your Sporcle Settings to finish the process.

Report this User

Report this user for behavior that violates our Community Guidelines.

Details: